Catálogo

El sonido : (Registro nro. 14717)

Detalles MARC
000 -LEADER
fixed length control field 01514nam a2200373 i 4500
001 - CONTROL NUMBER
control field 14717
003 - CONTROL NUMBER IDENTIFIER
control field Mx-PuUPA
005 - DATE AND TIME OF LATEST TRANSACTION
control field 20260504111031.0
008 - FIXED-LENGTH DATA ELEMENTS--GENERAL INFORMATION
fixed length control field 140415s2019 ag gr 001 0 spa d
020 ## - INTERNATIONAL STANDARD BOOK NUMBER
International Standard Book Number 9789508893390
040 ## - CATALOGING SOURCE
Transcribing agency Mx-PuUPA
Original cataloging agency Mx-PuUPA
Language of cataloging spa
Modifying agency Mx-PuUPA
Description conventions rda
041 1# - LANGUAGE CODE
Language code of text/sound track or separate title spa
Language code of original fre
100 1# - MAIN ENTRY--PERSONAL NAME
Personal name Chion, Michel,
Dates associated with a name 1947-
Relator term autor
9 (RLIN) 10534
240 13 - UNIFORM TITLE
Uniform title Le son. Ouïr, écouter, observer.
Language of a work Español
245 13 - TITLE STATEMENT
Title El sonido :
Remainder of title oír, escuchar, observar /
Statement of responsibility, etc. Michel Chion ; traducción al español Víctor Goldstein
250 ## - EDITION STATEMENT
Edition statement 1a. ed. /
Remainder of edition statement julio
264 #1 - PRODUCTION, PUBLICATION, DISTRIBUTION, MANUFACTURE, AND COPYRIGHT NOTICE
Place of production, publication, distribution, manufacture Buenos Aires, Argentina :
Name of producer, publisher, distributor, manufacturer La marca editora,
Date of production, publication, distribution, manufacture, or copyright notice 2019
300 ## - PHYSICAL DESCRIPTION
Extent 302 páginas ;
Dimensions 23 cm
336 ## - CONTENT TYPE
Fuente rdacontent
Content type term texto
Content type code txt
337 ## - MEDIA TYPE
Source rdamedia
Media type term sin medio
Media type code n
338 ## - CARRIER TYPE
Source rdacarrier
Carrier type term volumen
Carrier type code nc
490 0# - SERIES STATEMENT
Series statement Biblioteca de la mirada
650 #7 - SUBJECT ADDED ENTRY--TOPICAL TERM
Source of heading or term armarc
Topical term or geographic name entry element Medio audiovisuales
Form subdivision Discursos, ensayos, conferencias
650 #7 - SUBJECT ADDED ENTRY--TOPICAL TERM
Source of heading or term armrac
Topical term or geographic name entry element Cine sonoro
650 #7 - SUBJECT ADDED ENTRY--TOPICAL TERM
Source of heading or term armarc
Topical term or geographic name entry element Percepción auditiva
650 #7 - SUBJECT ADDED ENTRY--TOPICAL TERM
Source of heading or term Sonido
Topical term or geographic name entry element Discursos, ensayos, conferencias
700 1# - ADDED ENTRY--PERSONAL NAME
Personal name Goldstein, Víctor,
Relator term traductor
765 0# - ORIGINAL LANGUAGE ENTRY
Main entry heading Chion, Michel
Title Le son. Ouïr, écouter, observer
Place, publisher, and date of publication Malakoff : Armand Colin, ©2017
942 ## - ADDED ENTRY ELEMENTS (KOHA)
Source of classification or shelving scheme Dewey Decimal Classification
Koha item type Libro
Classification part 777.53
Item part C5318
Existencias
Withdrawn status Lost status Source of classification or shelving scheme Damaged status Not for loan Collection code Home library Current library Shelving location Date acquired Source of acquisition Cost, normal purchase price Total Checkouts Full call number Barcode Date last seen Cost, replacement price Price effective from Koha item type
    Dewey Decimal Classification     General Biblioteca Karol Wojtyla Biblioteca Karol Wojtyla Sala general 28/04/2026 2 652.86   777.53 C5318 2019 106309 08/05/2026 652.86 28/04/2026 Libro